01489cam a22002654a 4500020001500000020001800015040000800033082002600041110001600067245013100083260004700214300003100261490003100292520057200323650003500895650001800930650003400948650002200982650004601004650002401050650004001074650003201114710001601146856006101162 a0821369776 a9780821369784 cDLC a336 WOR 2007 A078 Or.2 aWorld Bank.10aGlobal Development Finance 2007 (Vol I. Analysis and Outlook)bThe Globalization of Corporate Finance in Developing Countries. aWashington, D.C. :bThe World Bank,c2007. a1 online resource (160 p.)1 aGlobal Development Finance3 aGlobal Development Finance (GDF), is the World Bank's annual review of recent trends in and prospects for financial flows to developing countries. It is an indispensable resource for governments, economists, investors, financial consultants, academics, bankers, and the entire development community. Vol I: Analysis and Outlook reviews recent trends in financial flows to developing countries. Also available as a two volume set, Vol II. Summary and Country Tables* includes comprehensive data for 138 countries, as well as summary data for regions and income groups. 4aCurrencies and Exchange Rates. 4aDebt Markets. 4aEconomic Theory and Research. 4aEmerging Markets. 4aFinance and Financial Sector Development. 4aFinancial Literacy. 4aMacroeconomics and Economic Growth. 4aPrivate Sector Development.2 aWorld Bank.40uhttp://elibrary.worldbank.org/content/book/9780821369777